000 00584nam a2200181 i 4500
001 60635
003 ES-MaACL
007 t|
008 031105s1927 fr ||||1| fre d
100 1 _aEssertier, Daniel.
_947991
245 1 4 _aLes formes inferieures d l'explication /
_cpar Daniel Essertier.
260 _aParis :
_bFélix Alcan,
_c1927 (
_eEvreux :
_fCh. Herissey)
300 _aIII, 356 p. ;
_c23 cm.
490 1 _aBibliothèque de philosophie contemporaine
830 0 _aBibliothèque de philosophie contemporaine
_9181027
852 _aES-MaACL
_jB-5595
999 _c60635
_d60635